| 000 | 01681cam a2200493 a 4500 | ||
|---|---|---|---|
| 999 |
_c23189 _d23189 |
||
| 001 | vtls001450985 | ||
| 005 | 20220421130836.0 | ||
| 008 | 160324s2002 xo agl grn 00000 slo | ||
| 020 | _a8088993458 | ||
| 035 | _aSNK000406280 | ||
| 040 |
_aSNK _bslo _cSNK _eAACR2 |
||
| 041 | 1 |
_aslo _heng |
|
| 044 |
_axo _cSK |
||
| 072 | 7 |
_a00 _xVeda. Všeobecnosti. Základy vedy a kultúry. Vedecká práca _2konspekt |
|
| 080 |
_a902 _21997 |
||
| 080 |
_a001.94 _21997 |
||
| 080 |
_a316.7+008 _21997 |
||
| 080 |
_a94 _21997 |
||
| 080 |
_a(0.062) _2997 |
||
| 080 |
_a2-236.5:556.166 _22001 |
||
| 080 |
_a001.94 _22011 |
||
| 080 |
_a902:904 _22011 |
||
| 080 |
_a(0.062) _22011 |
||
| 100 | 1 |
_aKnight, Christopher, _d1950- _4aut _92839 |
|
| 240 | 1 | 0 |
_aUriel's machine _lSlovensky |
| 245 | 1 | 0 |
_aUrielov stroj _bprehistorická technológia, ktorá prežila potopu _cChristopher Knight, Robert Lomas ; [z anglického originálu Uriel's machine preložili Ivona Kautmanová a Milan Thurzo] |
| 250 | _a1. vyd. | ||
| 260 |
_aBratislava _bRemedium _c2002 |
||
| 300 |
_a414 strán, [31] strán obrazových príloh _bilustrácie, schémy, mapy _c21 cm |
||
| 650 | 0 | 7 |
_aprehistorické civilizácie _2SNKPH _92840 |
| 650 | 0 | 7 |
_apotopa sveta _2SNKPH _92841 |
| 650 | 0 | 7 |
_anevysvetlené javy _2SNKPH _92842 |
| 650 | 0 | 7 |
_aarcheologické nálezy _2SNKPH _92843 |
| 650 | 0 | 7 |
_acivilizácie _2SNKPH _92844 |
| 655 | 7 |
_apopulárno-náučné publikácie _2SNKPH _91486 |
|
| 700 | 1 |
_aLomas, Robert, _d1947- _4aut _92837 |
|
| 700 | 1 |
_aKautmanová, Ivona, _d1961- _4trl _92845 |
|
| 700 | 1 |
_aThurzo, Milan, _d1942- _4trl _92846 |
|
| 958 | _aNB | ||
| 958 | _aOP | ||
| 958 | _aNS | ||
| 958 | _aGB | ||
| 958 | _aTL | ||